Southville International School and Colleges
Your cart is empty.
  • Cart
  • Lists
    Public lists Eva Luna New books Lux_list list_1
    Your lists Log in to create your own lists
  • Log in to your account
  • Your cookies
  • Search history
Southville International School and Colleges
  • Advanced search
  • Recent comments
  • Most popular
  • Libraries

Log in to your account

Log in with GOOGLE


If you do not have an external account, but do have a local account, you can still log in:

  1. Home
  2. MARC view: Changelling:
Normal view MARC view ISBD view

Changelling: (Record no. 288103)

[ view plain ]
MARC details
000 -LEADER
fixed length control field 00423nam a2200145Ia 4500
008 - FIXED-LENGTH DATA ELEMENTS--GENERAL INFORMATION
fixed length control field 150610s9999 xx 000 0 und d
020 ## - INTERNATIONAL STANDARD BOOK NUMBER
International Standard Book Number 9780330470483
050 ## - LIBRARY OF CONGRESS CALL NUMBER
Classification number PZ7
Item number .F2968Ch 2009
100 ## - MAIN ENTRY--PERSONAL NAME
Personal name Feasey, Steve
245 ## - TITLE STATEMENT
Title Changelling:
Remainder of title dark moon /
Statement of responsibility, etc Steve Feasey.
260 ## - PUBLICATION, DISTRIBUTION, ETC. (IMPRINT)
Place of publication, distribution, etc London :
Name of publisher, distributor, etc Macmillan Children's Books,
Date of publication, distribution, etc 2009.
300 ## - PHYSICAL DESCRIPTION
Extent 324pages ;
Dimensions 20 cm.
520 ## - SUMMARY, ETC.
Summary, etc Juvenile fiction.
650 ## - SUBJECT ADDED ENTRY--TOPICAL TERM
General subdivision Horrortales.
Holdings
Withdrawn status Lost status Damaged status Home library Current library Shelving location Date acquired Total Checkouts Full call number Barcode Date last seen Price effective from Koha item type
      Stonyhurst Southville International School (Batangas) Stonyhurst Southville International School (Batangas) High School Section 06/10/2015   PZ7.F2968Ch 2009 US-1490 06/10/2015 06/10/2015 Books

Changelling:

APA

Feasey S., . (2009). Changelling. London: Macmillan Children's Books.

Chicago

Feasey Steve, . 2009. Changelling. London: Macmillan Children's Books.

Harvard

Feasey S., . (2009). Changelling. London: Macmillan Children's Books.

MLA

Feasey Steve, . Changelling. London: Macmillan Children's Books. 2009.

  • Place hold
  • Print
  • Cite
  • Add to your cart (remove)
  • Save record
    BIBTEX Dublin Core MARCXML MARC (non-Unicode/MARC-8) MARC (Unicode/UTF-8) MARC (Unicode/UTF-8, Standard) MODS (XML) RIS
  • More searches
    Search for this title in:
    Other Libraries (WorldCat) Other Databases (Google Scholar) Online Stores (Bookfinder.com) Open Library (openlibrary.org)

Exporting to Dublin Core...

SOUTHVILLE LIBRARY

Southville International School and Colleges Library

1281 Tropical Ave. Cor. Luxembourg St., BF Homes International, Las Pinas City

Tel. No. 8256374 / 252358 Loc. 117/146

Powered by Koha